000 00997nam a2200265 a 4500
001 000029947
003 OSt
005 20260321073642.0
008 090723s1971 dr 000 0 spa d
040 _aDO-SdBNP
_bspa
_cBNPHU
082 _a320.97293
_bE77t, 1971
100 1 _aEspinal, Andrés Julio,
_913084
245 1 0 _aTrujillo, Bosch y yo y el desafio /
_cAndrés Julio Espinal.
250 _a2a ed. corr. y aum.
260 _aSanto Domingo :
_bArte y Cine,
_c1971.
300 _a308 p. ;
_c18 cm.
500 _aPublicaciones del Frente Nacional Mantenedor de la Democracia Representativa en la República Dominicana
590 _aInventariado, 2018/ YL
600 1 0 _a Bosch, Juan,
_d1909-2001
_976555
600 1 0 _aTrujillo Molina, Rafael Leónidas,
_d 1891-1961
_976764
651 4 _aRepública Dominicana
_xPolítica y Gobierno
_y1930-1961
_9479
651 4 _aRepública Dominicana
_xPolítica y Gobierno
_y1961-
_9204
910 _aValidado. Control de calidad MFF
942 _2ddc
_cLBS1
999 _c29439
_d29439